000 00340 a2200157 4500
001 180008
020 _a
040 _cMagnum
100 _aCoelho, Raquel
240 1 0 _aO centauro e o vento
_lpor
245 1 0 _aO centauro e o vento
362 0 _a1899
440 1 _aMelhoramentos
697 _aMAGNITO: I/FADAS, FANTASIA
942 _cBK
999 _c180008
_d180008